|
|
|
|
| LEADER |
03006nam a22006135i 4500 |
| 001 |
978-3-642-23333-3 |
| 003 |
DE-He213 |
| 005 |
20151204181915.0 |
| 007 |
cr nn 008mamaa |
| 008 |
110824s2011 gw | s |||| 0|eng d |
| 020 |
|
|
|a 9783642233333
|9 978-3-642-23333-3
|
| 024 |
7 |
|
|a 10.1007/978-3-642-23333-3
|2 doi
|
| 040 |
|
|
|d GrThAP
|
| 050 |
|
4 |
|a QA76.76.A65
|
| 050 |
|
4 |
|a TA345-345.5
|
| 072 |
|
7 |
|a JPP
|2 bicssc
|
| 072 |
|
7 |
|a UB
|2 bicssc
|
| 072 |
|
7 |
|a COM018000
|2 bisacsh
|
| 072 |
|
7 |
|a POL017000
|2 bisacsh
|
| 082 |
0 |
4 |
|a 004
|2 23
|
| 245 |
1 |
0 |
|a Electronic Participation
|h [electronic resource] :
|b Third IFIP WG 8.5 International Conference, ePart 2011, Delft, The Netherlands, August 29 – September 1, 2011. Proceedings /
|c edited by Efthimios Tambouris, Ann Macintosh, Hans de Bruijn.
|
| 264 |
|
1 |
|a Berlin, Heidelberg :
|b Springer Berlin Heidelberg,
|c 2011.
|
| 300 |
|
|
|a XI, 315 p.
|b online resource.
|
| 336 |
|
|
|a text
|b txt
|2 rdacontent
|
| 337 |
|
|
|a computer
|b c
|2 rdamedia
|
| 338 |
|
|
|a online resource
|b cr
|2 rdacarrier
|
| 347 |
|
|
|a text file
|b PDF
|2 rda
|
| 490 |
1 |
|
|a Lecture Notes in Computer Science,
|x 0302-9743 ;
|v 6847
|
| 505 |
0 |
|
|a Appreciation of social media -- visualizing arguments -- understanding eParticipation -- eParticipation initiatiaves and country studies -- participation and eServices -- innovative technologies.
|
| 520 |
|
|
|a This book constitutes the refereed proceedings of the Third International Conference on Electronic Participation, ePart 2011, held in Delft, The Netherlands, in August/September 2011. The 26 revised full papers were carefully reviewed and selected from numerous submissions. The papers are organized in topical sections on appreciation of social media; visualizing arguments; understanding eParticipation; eParticipation initiatiaves and country studies; participation and eServices; and innovative technologies.
|
| 650 |
|
0 |
|a Computer science.
|
| 650 |
|
0 |
|a Computer communication systems.
|
| 650 |
|
0 |
|a Information storage and retrieval.
|
| 650 |
|
0 |
|a User interfaces (Computer systems).
|
| 650 |
|
0 |
|a Application software.
|
| 650 |
|
0 |
|a Computers and civilization.
|
| 650 |
1 |
4 |
|a Computer Science.
|
| 650 |
2 |
4 |
|a Computer Appl. in Administrative Data Processing.
|
| 650 |
2 |
4 |
|a Information Systems Applications (incl. Internet).
|
| 650 |
2 |
4 |
|a Computers and Society.
|
| 650 |
2 |
4 |
|a Computer Communication Networks.
|
| 650 |
2 |
4 |
|a User Interfaces and Human Computer Interaction.
|
| 650 |
2 |
4 |
|a Information Storage and Retrieval.
|
| 700 |
1 |
|
|a Tambouris, Efthimios.
|e editor.
|
| 700 |
1 |
|
|a Macintosh, Ann.
|e editor.
|
| 700 |
1 |
|
|a Bruijn, Hans de.
|e editor.
|
| 710 |
2 |
|
|a SpringerLink (Online service)
|
| 773 |
0 |
|
|t Springer eBooks
|
| 776 |
0 |
8 |
|i Printed edition:
|z 9783642233326
|
| 830 |
|
0 |
|a Lecture Notes in Computer Science,
|x 0302-9743 ;
|v 6847
|
| 856 |
4 |
0 |
|u http://dx.doi.org/10.1007/978-3-642-23333-3
|z Full Text via HEAL-Link
|
| 912 |
|
|
|a ZDB-2-SCS
|
| 912 |
|
|
|a ZDB-2-LNC
|
| 950 |
|
|
|a Computer Science (Springer-11645)
|